[Event "Aragon-chT Honor GrA"]
[Site "Aragon"]
[Date "2013.02.16"]
[Round "4.16"]
[White "Dimitrov Uzunov, Nedko"]
[Black "Gella Lopez, Angel"]
[Result "1-0"]
[WhiteElo "1896"]
[BlackElo "2092"]
[PlyCount "73"]
[EventDate "2013.01.26"]
[EventType "team"]
[EventRounds "7"]
[EventCountry "ESP"]
[SourceTitle "EXT 2014"]
[Source "ChessBase"]
[SourceDate "2013.11.20"]
[SourceVersion "1"]
[SourceVersionDate "2013.11.20"]
[SourceQuality "1"]
[WhiteTeam "IberCaja II"]
[BlackTeam "Huesca Club Atletismo"]
[WhiteTeamCountry "ESP"]
[BlackTeamCountry "ESP"]

1. e4 c5 2. Nf3 e6 3. d4 cxd4 4. Nxd4 Nc6 5. Be3 Nf6 6. Nd2 d5 7. Nxc6 bxc6 8. e5 Nd7 9. f4 Bc5 10. Bxc5 Nxc5 11. Qg4 0-0 12. b4 f5 13. Qf3 Ne4 14. Nb3 Qb6 15. a3 Ba6 16. Bd3 Rfc8 17. Bxe4 fxe4 18. Qc3 Bc4 19. Nc5 a5 20. Kf2 Rf8 21. Kg3 g5 22. fxg5 Rf5 23. h4 Raf8 24. Qd4 Re8 25. bxa5 Qxa5 26. Nb7 Qa4 27. Nd6 Ref8 28. Nxf5 exf5 29. Rhb1 f4+ 30. Kh2 f3 31. e6 Qxc2 32. Rb2 Qd3 33. Qe5 fxg2 34. Rg1 Ba6 35. e7 Re8 36. Rb8 Rxb8 37. Qxb8+ 1-0